000
00334 a2200157 4500
001
57470
020
_a
8572082573
040
_c
Anchieta - Pituba
100
_a
Junqueira, Sônia
240
1
0
_a
A ilha dos amores
_l
por
245
1
0
_a
A ilha dos amores
300
_a
362
0
_a
1999
650
4
_a
Literatura juvenil
942
_c
BK
999
_c
57470
_d
57470